| 000 | 01168nam a22003257a 4500 | ||
|---|---|---|---|
| 005 | 20240530110358.0 | ||
| 008 | 150115s2009 ua g b 000 0 ara d | ||
| 017 |
_a2008/23016 _bمصر . دار الكتب المصرية |
||
| 020 | _a977431713x | ||
| 040 | _aEG-CaGPL | ||
| 041 | 0 | _aara | |
| 082 | 0 | 4 |
_221 _a155.4\ _bع م |
| 100 | 0 | _aعبدالحميد محمد على | |
| 245 | 1 | 0 |
_aمشاكل الطفل النفسية / _cعبدالحميد محمد على |
| 250 | _aط1 | ||
| 260 |
_aالقاهرة : _bمؤسسة طيبة للنشر و التوزيع ، _c2009 |
||
| 300 |
_a186 ص ؛ _c24 سم |
||
| 490 | _aسلسلة الاضطرابات النفسية | ||
| 504 | _aيشتمل على ارجاعات ببليوجرافية | ||
| 650 | 0 | 4 |
_aالاطفال _xعلم نفس |
| 650 | 0 | 4 |
_aالاطفال _xتعليم |
| 650 | 0 | 4 | _aالطفل التوحدى |
| 650 | 0 | 4 |
_aالاطفال _xتاخر الكلام |
| 650 | 0 | 4 | _aالطفل المدلل |
| 650 | 0 | 4 | _aالطفل العنيد |
| 650 | 0 | 4 |
_aالاطفال _xالسرقة |
| 650 | 0 | 4 |
_aالاطفال _xالكذب |
| 942 |
_2ddc _cBK |
||
| 999 |
_c60201 _d60201 |
||